2015 films by opening line - Statistics

General Stats
  • This quiz has been taken 35 times
  • The average score is 6 of 20
Answer Stats
Hint Answer % Correct
Do you ever look at someone and wonder 'What is going on inside their head?' Well, I know. I know Riley's head. Inside Out
79%
This will begin to make things right. I've travelled too far and seen too much, to ignore the despair in the galaxy. Star Wars: The Force Awakens
74%
1: S**t!
2: Language!
Avengers: Age of Ultron
58%
1: Stark!
2: He doesn't seem happy...
Ant-man
53%
You cried all day and left TV on till you were a zombie. But then I zoomed down from heaven through Skylight into Room and I was kicking you from the inside, boom boom, and then I shot out onto Rug with my eyes wide open, and you cutted the cord and said "Hello Jack." Room
42%
In grid section fourteen twenty-eight, the particles appear predominantly coarse, but as we move to twenty-nine, the particles are much finer, and should be ideal for chem analysis. The Martian
42%
1: Ana, Take my car.
2: I gave you the recorder, right?
1: Oh, yes.
2: And you have all the questions?
1: Yes.
Fifty Shades of Grey
32%
We are not vermin!
We are not vandals!
We are not to blame!
Mad Max: Fury Road
32%
In the late seventies, banking was not a job you went into to make large sums of money. It was a good stable profession like selling insurance or accounting. And if banking was boring then the bond department at a bank was downright comatose. We all know about bonds, give em to your nephew when he turns 16 and then when he's thirty he make a hundred dollars. The Big Short
32%
Okay. Okay, I know, I know. I'm sorry.
I know it's a little tender.
The Hunger Games: Mockingjay - Part 2
32%
(*) 1: Visitors. Would you mind if I fetch my teeth?
2: Colonel, would you turn around please? Sit down. On the bed.
1: The teeth are on the sink.
The Bridge of Spies
21%
1: I'm really sorry.
2: Does he wear glasses or contact lenses?
The Lobster
21%
1: How long was I out?
2: You fell asleep almost as soon as we left the airport.
1: Damn. Can't believe I've been missing this. I was so psyched to be coming here, I was awake all night.
Ex Machina
16%
1: Got room for one more?
2: Who the hell are you, and what happened to them?
The Hateful Eight
16%
Once, when I was six years' old, I read a book about the primeval forest. The book said 'Boa constrictors swallow their prey whole, without chewing it.' The Little Prince
16%
1: Now you can kiss me...
2: Sorry. Do I know you?
Spectre
11%
1: How's that going?
2: The mother's bawling and the uncle's pissed off.
Spotlight
11%
1: The screen says it's an unimplemented trap but the dialogue box is wrong, it's a system error.
2: When did it happen?
1: About 10 minutes ago, we've been working it.
Steve Jobs
11%
(*) Fitzgerald, you and the rest help with the fires. The Revenant
11%
I think about the price. The price of appetite. The cost of forgetting who we are. Pretending we are... Who we will never be... Sicario
5%
No matching quizzes found
Score Distribution
Percent of People with Each Score
Percentile by Number Answered
Your Score History
You have not taken this quiz